00981nam a22002537a 45000010005000000030006000050050017000110080041000280200018000690400029000870820008001161000020001242450059001442600039002033000044002424900020002865050008003065200289003145210020006035210020006236500026006436500026006697000032006955218FISKH20241120091151.0241120b cb ||||| |||| 00| 0 eng d a9781407110257 aFISKHbengcFISKHdFISKH a900 aMacDonald, Alan aQueen Victoria and Her Amusements /cby Alan MacDonald aNew York : bScholastic ;c2002 .  a176 pages : billustrations ;c21 cm .  aHorribly Famous aW  aEverybody knows Victoria married a chap called Albert and wore black clothes - all the time. But did you know that Victoria went on her holidays in disguise, and was best pals with her rude Scottish servant? Everything you ever wanted to know about the woman with the enormous empire!8 a890 bLexile 8 aW bRaz-Plus  aChildrenvnon-fiction ahistory vnon-fiction aGoddard, Cliveeillustrator